| 000 | 00451nam a2200169Ia 4500 | ||
|---|---|---|---|
| 003 | OSt | ||
| 005 | 20220221100015.0 | ||
| 008 | 211118s9999||||xx |||||||||||||| ||und|| | ||
| 040 | _csbcl | ||
| 082 |
_a547 _bHAM-B |
||
| 100 | _aHames, B.D and Hooper, N.M | ||
| 245 | 0 | _aBiochemistry | |
| 260 |
_bOrient Blackswan _aNew Delhi _c1978 |
||
| 630 | _xOrganic ChemsitryGeneral Stack | ||
| 650 |
_aNatural Sciences _vMathematics _xChemistry |
||
| 942 | _cBOOK | ||
| 999 |
_c100704 _d100704 |
||